| 000 | 01463nam0a2200349 4500 | ||
|---|---|---|---|
| 001 | RU\NLR\BIBL_A\011491096 | ||
| 005 | 20260319145840.0 | ||
| 010 |
_a978-5-386-10198-5 _93000 |
||
| 021 |
_aRU _b2017-67536 _94782 |
||
| 035 | _a(NLR Aleph) 011491096 | ||
| 035 | _a(RuMoRGB)009387062 | ||
| 090 |
_a11944908 _c11944908 |
||
| 100 | _a20171006d2017 u y0rusy50 ca | ||
| 101 | 1 |
_arus _cfre |
|
| 102 | _aRU | ||
| 105 | _ay zzzz0|||y | ||
| 200 | 1 |
_aФатальные стратегии _fЖан Бодрийяр _g[перевод с французского Качалова А. В.] |
|
| 210 |
_aМосква _cРИПОЛ классик _d2017 |
||
| 215 |
_a285, [2] с. _d21 |
||
| 225 | 1 | _aАвторская серия Жана Бодрийяра | |
| 225 | 1 | _aВпервые на руском языке | |
| 300 | _aЗагл. и авт. ориг.: Les stratégies fatales / Jean Bauedrillard | ||
| 333 | _a12+ | ||
| 454 | 0 |
_12001#$aLes stratégies fatales _1700#1$aBaudrillard$bJ.$gJean$f1929-2007$3RU\NLR\AUTH\770126946 _tLes stratégies fatales _aBaudrillard, Jean (1929-2007) |
|
| 606 | 1 |
_aПостмодернизм (филос.) _yФранция _92701570 _3RU\NLR\AUTH\6601767885 |
|
| 686 | 1 | _aЮ3(4Фр)6-68 | |
| 700 | 1 |
_7ca _8rus _aБодрийяр _bЖ. _f1929-2007 _gЖан _9120510 _3RU\NLR\AUTH\7710745 |
|
| 942 | _cBOOK | ||
| 980 | _aNBR | ||
| 980 | _aNB | ||